| 000 | 00775nam a22001817a 4500 | ||
|---|---|---|---|
| 003 | OSt | ||
| 005 | 20251215162210.0 | ||
| 008 | 251215b |||||||| |||| 00| 0 eng d | ||
| 040 | _cMSKL | ||
| 082 | _a၂၉၄.၃၈၂၄ | ||
| 100 | 0 |
_aဗားကရာဆရာတော်။ _9892 |
|
| 245 | 1 | 0 |
_aအဘိဓမ္မတ္ထသင်္ဂဟ ပါဌ်နိဿယ / _cဗားကရာဆရာတော်။ |
| 250 | _aဒွါဒသမအကြိမ်။ | ||
| 264 |
_aရန်ကုန် ၊ _bရွှေပုရပိုက်စာပေ၊ _c၁၉၉၃။ |
||
| 300 |
_aဏ၊ ၃၃၆ စာမျက်နှာ ၊ _c၂၀ စင်တီ။ |
||
| 650 | _aအဘိဓမ္မာ | ||
| 942 |
_2ddc _cSHORT TERM _n0 |
||
| 999 |
_c2721 _d2721 |
||